[Event "San Francisco Grey Memorial"]
[Site "San Francisco"]
[Date "2017.09.19"]
[Round "7"]
[White "Agdamag, Samuel"]
[Black "Revi, Frank"]
[Result "1-0"]
[WhiteElo "1421"]
[BlackElo "1306"]
[PlyCount "133"]
[EventDate "2017.08.08"]
[EventType "swiss"]
[EventRounds "9"]
[EventCountry "USA"]
[SourceTitle "EXT 2023"]
[Source "ChessBase"]
[SourceDate "2022.10.05"]
[SourceVersion "1"]
[SourceVersionDate "2022.10.05"]
[SourceQuality "1"]

1. e4 c5 2. Nf3 Nc6 3. d4 cxd4 4. Nxd4 Nf6 5. Nc3 d6 6. Bc4 e6 7. Bg5 Be7 8. Ndb5 Ne5 9. Be2 d5 10. Bxf6 Bxf6 11. exd5 a6 12. Nd4 exd5 13. 0-0 0-0 14. Re1 Qd6 15. Rb1 b5 16. a3 Bb7 17. Bg4 Qc5 18. Nb3 Qc7 19. Bf5 Rad8 20. Nd4 Nc6 21. Nxc6 Qxc6 22. Qd3 g6 23. Qg3 Kh8 24. Bg4 d4 25. Bf3 Qc8 26. Bxb7 Qxb7 27. Ne4 Be7 28. Nd2 Qc6 29. Rxe7 Qxc2 30. Qe5+ Kg8 31. Qe1 d3 32. Qd1 Rd5 33. Nf1 Qc6 34. Rc1 Qf6 35. Ra7 Qxb2 36. Rxa6 Rf5 37. Qd2 Qd4 38. Ne3 Rh5 39. h3 Rd8 40. Ng4 Rc5 41. Rxc5 Qxc5 42. Nf6+ Kg7 43. Ne4 Qd4 44. Nc3 Rc8 45. Nxb5 Qa1+ 46. Kh2 Qe5+ 47. g3 Qxb5 48. Rd6 Rc2 49. Qb4 Qe5 50. Qd4 Qxd4 51. Rxd4 Rxf2+ 52. Kg1 Rd2 53. h4 h5 54. Kf1 Rd1+ 55. Kf2 Kf6 56. Ke3 d2 57. Rxd2 Rg1 58. Kf2 Ra1 59. Rd3 Kf5 60. Kf3 f6 61. Re3 g5 62. Rc3 gxh4 63. gxh4 Rf1+ 64. Kg3 Rf4 65. Rc5+ Ke4 66. Rc4+ Kf5 67. Rxf4+ 1-0

[Event "San Francisco TNM Spring op"]
[Site "San Francisco"]
[Date "2017.03.28"]
[Round "3"]
[White "Warton, Philip"]
[Black "Agdamag, Samuel"]
[Result "1/2-1/2"]
[WhiteElo "1799"]
[BlackElo "1503"]
[PlyCount "125"]
[EventDate "2017.03.14"]
[EventType "swiss"]
[EventRounds "8"]
[EventCountry "USA"]
[SourceTitle "EXT 2023"]
[Source "ChessBase"]
[SourceDate "2022.10.05"]
[SourceVersion "1"]
[SourceVersionDate "2022.10.05"]
[SourceQuality "1"]

1. e4 c6 2. d4 d5 3. Nd2 dxe4 4. Nxe4 Nf6 5. Ng5 h6 6. N5f3 Bg4 7. Bc4 e6 8. h3 Bf5 9. c3 Be7 10. Ne2 Nbd7 11. g4 Be4 12. Ng3 Bd5 13. Bd3 Qc7 14. a3 Bd6 15. c4 Bxf3 16. Qxf3 Bxg3 17. Qxg3 Qa5+ 18. Bd2 Qb6 19. Bc3 0-0-0 20. c5 Qc7 21. Qxc7+ Kxc7 22. 0-0-0 Rhe8 23. f4 Nd5 24. Ba5+ b6 25. cxb6+ axb6 26. Bd2 Kb7 27. Be4 N7f6 28. Bf3 Rd7 29. g5 Ng8 30. h4 Red8 31. Rhg1 hxg5 32. hxg5 g6 33. Bxd5 Rxd5 34. Bb4 Rxd4 35. Rxd4 Rxd4 36. Bf8 Rd8 37. Bb4 c5 38. Bc3 Ne7 39. Bf6 Rd7 40. Rh1 Nd5 41. Be5 Ne3 42. b3 Ng4 43. Rh7 Nxe5 44. fxe5 Kc6 45. Kc2 Kd5 46. Kc3 b5 47. Rh2 Kxe5 48. Rf2 Kd6 49. Rd2+ Kc6 50. Rxd7 Kxd7 51. a4 bxa4 52. bxa4 Kc6 53. Kc4 Kb6 54. a5+ Kxa5 55. Kxc5 Ka4 56. Kd6 Kb4 57. Ke5 Kc4 58. Kf6 Kd5 59. Kxf7 e5 60. Kxg6 e4 61. Kh7 e3 62. g6 e2 63. g7 1/2-1/2

[Event "San Francisco TNM Summer op"]
[Site "San Francisco"]
[Date "2016.06.14"]
[Round "4"]
[White "Donnelly, Patrick T"]
[Black "Agdamag, Samuel"]
[Result "1-0"]
[WhiteElo "1729"]
[BlackElo "1480"]
[PlyCount "101"]
[EventDate "2016.05.24"]
[EventType "swiss"]
[EventRounds "8"]
[EventCountry "USA"]
[SourceTitle "EXT 2018"]
[Source "ChessBase"]
[SourceDate "2017.10.13"]
[SourceVersion "1"]
[SourceVersionDate "2017.10.13"]
[SourceQuality "1"]

1. d4 Nf6 2. c4 g6 3. Nc3 Bg7 4. e4 d6 5. Nf3 0-0 6. h3 Nc6 7. Be3 e5 8. Be2 Re8 9. d5 Ne7 10. 0-0 Nd7 11. g4 f5 12. gxf5 gxf5 13. exf5 Nxf5 14. Bg5 Nf6 15. Ne4 h6 16. Bxf6 Bxf6 17. Kh2 Kf7 18. Rg1 Rg8 19. Qd2 Bd7 20. Rxg8 Qxg8 21. Rg1 Qh7 22. Bd3 Rg8 23. Rxg8 Qxg8 24. Nxf6 Kxf6 25. Bxf5 Bxf5 26. Qxh6+ Qg6 27. Qf8+ Qf7 28. Qd8+ Qe7 29. Qxe7+ Kxe7 30. Nd2 Kf6 31. h4 Kg6 32. Kg3 Kh5 33. f3 Bd3 34. a3 a6 35. b4 b6 36. Kf2 Kxh4 37. Ke3 Bc2 38. Ne4 Bb3 39. Kd3 Bd1 40. Ke3 Bb3 41. Nd2 Ba2 42. f4 Kg4 43. fxe5 dxe5 44. Ke4 Kg3 45. Kxe5 Kf2 46. Ne4+ Ke3 47. c5 bxc5 48. bxc5 Kd3 49. d6 cxd6+ 50. cxd6 Be6 51. Nc5+ 1-0

[Event "San Francisco TNM Winter op"]
[Site "San Francisco"]
[Date "2016.02.16"]
[Round "7"]
[White "Agdamag, Samuel"]
[Black "Hack, Richard"]
[Result "0-1"]
[WhiteElo "1427"]
[BlackElo "1654"]
[PlyCount "138"]
[EventDate "2016.01.05"]
[EventType "swiss"]
[EventRounds "8"]
[EventCountry "USA"]
[SourceTitle "EXT 2018"]
[Source "ChessBase"]
[SourceDate "2017.10.13"]
[SourceVersion "1"]
[SourceVersionDate "2017.10.13"]
[SourceQuality "1"]

1. e4 e5 2. Nf3 Nc6 3. Bc4 Bc5 4. 0-0 Nf6 5. d4 Bxd4 6. Nxd4 Nxd4 7. Bg5 0-0 8. f4 d6 9. Nc3 Be6 10. Bd5 c6 11. fxe5 dxe5 12. Bb3 Bxb3 13. axb3 Kh8 14. Rc1 h6 15. Bh4 g5 16. Bg3 Re8 17. Qe1 Kg7 18. Qf2 Re6 19. Rcd1 Qe7 20. Rd2 Nh5 21. Bxe5+ Rxe5 22. Qxd4 f6 23. g3 Kg6 24. Re1 Ng7 25. Kg2 Ne6 26. Qf2 a5 27. Rf1 Nc5 28. Re2 Re8 29. Rfe1 Qf7 30. g4 Kg7 31. Qd4 R8e7 32. Qf2 R7e6 33. Qf3 Qe7 34. h3 Rd6 35. Qf2 Ne6 36. Kh2 Nf4 37. Re3 Qd7 38. Kg3 Rd2 39. R1e2 Nxe2+ 40. Rxe2 Rxe2 41. Qxe2 Qd6 42. Kf3 Qd4 43. Qe1 b5 44. Qe3 Qxe3+ 45. Kxe3 Kg6 46. Kf3 Re7 47. Ke3 h5 48. Kf3 Rh7 49. Kg3 hxg4 50. Kxg4 Rh4+ 51. Kg3 Rf4 52. e5 fxe5 53. Ne2 Re4 54. Kf3 Rh4 55. Kg3 Kf5 56. Ng1 e4 57. Ne2 Ke5 58. c3 Rh7 59. Nd4 Rh6 60. Kg4 Rh4+ 61. Kxg5 Rxh3 62. Nxc6+ Kd5 63. Nd4 Rd3 64. Nxb5 e3 65. Na3 e2 66. Nc2 Rd2 67. Ne3+ Ke4 68. Ng2 Kf3 69. Nh4+ Kf2 0-1

[Event "San Francisco TNM Winter op"]
[Site "San Francisco"]
[Date "2015.02.10"]
[Round "6"]
[White "Ayinala, Shree"]
[Black "Agdamag, Samuel"]
[Result "1-0"]
[WhiteElo "1236"]
[BlackElo "1493"]
[PlyCount "75"]
[EventDate "2015.01.06"]
[EventType "swiss"]
[EventRounds "8"]
[EventCountry "USA"]
[SourceTitle "EXT 2016"]
[Source "ChessBase"]
[SourceDate "2015.10.08"]
[SourceVersion "1"]
[SourceVersionDate "2015.10.08"]
[SourceQuality "1"]

1. c4 Nf6 2. d4 e6 3. a3 b6 4. Nc3 Bb7 5. Nf3 d5 6. cxd5 exd5 7. g3 Nbd7 8. Bg2 Rc8 9. 0-0 Be7 10. Re1 0-0 11. e3 Re8 12. Bd2 c5 13. h3 a6 14. a4 Kh8 15. b3 Bd6 16. Rb1 Rc7 17. Kh1 Qc8 18. Na2 Ne4 19. Kg1 Ndf6 20. Nc3 Nxd2 21. Qxd2 cxd4 22. Nd1 dxe3 23. Nxe3 Ne4 24. Qd3 Rc3 25. Qd1 a5 26. Nxd5 Bc5 27. Rxe4 Bxd5 28. Rxe8+ Qxe8 29. Qxd5 Rc2 30. Rf1 Kg8 31. Qe5 Qd8 32. Qf5 Re2 33. Ng5 f6 34. Qxh7+ Kf8 35. Qh8+ Ke7 36. Qxg7+ Kd6 37. Rd1+ Ke5 38. Nf7+ 1-0

[Event "San Francisco TNM Winter op"]
[Site "San Francisco"]
[Date "2015.01.13"]
[Round "2"]
[White "Uzzaman, Ashik"]
[Black "Agdamag, Samuel"]
[Result "1-0"]
[WhiteElo "1938"]
[BlackElo "1493"]
[PlyCount "49"]
[EventDate "2015.01.06"]
[EventType "swiss"]
[EventRounds "8"]
[EventCountry "USA"]
[SourceTitle "EXT 2016"]
[Source "ChessBase"]
[SourceDate "2015.10.08"]
[SourceVersion "1"]
[SourceVersionDate "2015.10.08"]
[SourceQuality "1"]

1. e4 c5 2. Nc3 a6 3. f4 d6 4. Nf3 Bg4 5. Be2 Nc6 6. 0-0 Nf6 7. d3 Bxf3 8. Bxf3 Nd4 9. e5 Nxf3+ 10. Qxf3 Nd7 11. exd6 exd6 12. Re1+ Be7 13. Nd5 0-0 14. Nxe7+ Kh8 15. Nf5 Qf6 16. Ng3 b5 17. Ne4 Qd4+ 18. Kh1 Rfe8 19. c3 Qd5 20. Bd2 h6 21. b3 Nf8 22. c4 bxc4 23. dxc4 Qc6 24. Bc3 Kh7 25. Nf6+ 1-0

[Event "San Francisco TNM Spring op"]
[Site "San Francisco"]
[Date "2014.04.22"]
[Round "6"]
[White "Furukawa, Jon"]
[Black "Agdamag, Samuel"]
[Result "1-0"]
[WhiteElo "1533"]
[BlackElo "1333"]
[PlyCount "41"]
[EventDate "2014.03.18"]
[EventType "swiss"]
[EventRounds "8"]
[EventCountry "USA"]
[SourceTitle "EXT 2016"]
[Source "ChessBase"]
[SourceDate "2015.10.08"]
[SourceVersion "1"]
[SourceVersionDate "2015.10.08"]
[SourceQuality "1"]

1. e4 c5 2. c3 Nc6 3. d4 cxd4 4. cxd4 e6 5. Nf3 d6 6. Nc3 Nf6 7. Bb5 a6 8. Bd3 Nxe4 9. Nxe4 Qb6 10. 0-0 Bd7 11. Bf4 Nxd4 12. Nxd4 e5 13. Be3 exd4 14. Bf4 Be7 15. Re1 0-0 16. b3 Rac8 17. Rc1 Rxc1 18. Bxc1 Re8 19. Ng3 Qa5 20. Qd2 Bc6 21. Qxa5 1-0

[Event "San Francisco TNM Fall op"]
[Site "San Francisco"]
[Date "2013.11.26"]
[Round "6"]
[White "Agdamag, Samuel"]
[Black "Alzhin, Leonid"]
[Result "1-0"]
[WhiteElo "1292"]
[BlackElo "1808"]
[PlyCount "59"]
[EventDate "2013.10.22"]
[EventType "swiss"]
[EventRounds "9"]
[EventCountry "USA"]
[SourceTitle "EXT 2016"]
[Source "ChessBase"]
[SourceDate "2015.10.08"]
[SourceVersion "1"]
[SourceVersionDate "2015.10.08"]
[SourceQuality "1"]

1. e4 c5 2. Nf3 Nc6 3. d4 cxd4 4. Nxd4 Nf6 5. Nc3 e6 6. a3 Be7 7. g3 d5 8. exd5 exd5 9. Bg2 0-0 10. 0-0 Bg4 11. Nxc6 bxc6 12. Qd4 Qd7 13. Re1 Rfe8 14. Bg5 h6 15. Bf4 Bh3 16. Bf3 c5 17. Qa4 Qf5 18. Re5 Qc8 19. Nxd5 Be6 20. Nxe7+ Rxe7 21. Rd1 g5 22. Be3 Nd7 23. Rxe6 fxe6 24. Bxa8 Nb6 25. Qe4 Nxa8 26. Rd6 Kg7 27. Bd2 Qe8 28. Bc3+ e5 29. Qd5 Kf8 30. Rd8 1-0

[Event "San Francisco TNM Fall op"]
[Site "San Francisco"]
[Date "2012.11.06"]
[Round "4"]
[White "Agdamag, Samuel"]
[Black "Steigum, Erling"]
[Result "0-1"]
[WhiteElo "1413"]
[BlackElo "1988"]
[PlyCount "96"]
[EventDate "2012.10.16"]
[EventType "swiss"]
[EventRounds "9"]
[EventCountry "USA"]
[SourceTitle "EXT 2014"]
[Source "ChessBase"]
[SourceDate "2013.11.20"]
[SourceVersion "1"]
[SourceVersionDate "2013.11.20"]
[SourceQuality "1"]

1. e4 c5 2. Nf3 e6 3. d3 Nc6 4. c3 Nf6 5. Bg5 Be7 6. g3 d5 7. e5 Nd7 8. Bxe7 Qxe7 9. d4 0-0 10. Bg2 b6 11. a3 a5 12. 0-0 Ba6 13. Re1 Rfc8 14. Nbd2 Rc7 15. Rc1 Rac8 16. h4 cxd4 17. cxd4 Ncxe5 18. Rxc7 Nxf3+ 19. Nxf3 Rxc7 20. Qb1 Qd8 21. Ng5 Nf8 22. Qd1 h6 23. Nh3 Qf6 24. Nf4 g6 25. Re3 Kg7 26. Qg4 Qf5 27. Qxf5 gxf5 28. Rc3 Rxc3 29. bxc3 Kf6 30. Nh5+ Ke7 31. Nf4 Kd6 32. Bf1 Bxf1 33. Kxf1 Kc6 34. Nd3 Nd7 35. Nb2 b5 36. f4 Nb6 37. Ke2 Nc4 38. Nxc4 dxc4 39. Kd2 b4 40. cxb4 axb4 41. axb4 Kb5 42. Kc3 h5 43. Kd2 Kxb4 44. Kc2 c3 45. Kc1 Kc4 46. Kd1 Kxd4 47. Kc2 Ke3 48. Kxc3 Kf3 0-1

[Event "San Francisco TNM Fall op"]
[Site "San Francisco"]
[Date "2012.10.23"]
[Round "2"]
[White "Rood, Ben"]
[Black "Agdamag, Samuel"]
[Result "1-0"]
[WhiteElo "1700"]
[BlackElo "1413"]
[PlyCount "90"]
[EventDate "2012.10.16"]
[EventType "swiss"]
[EventRounds "9"]
[EventCountry "USA"]
[SourceTitle "EXT 2014"]
[Source "ChessBase"]
[SourceDate "2013.11.20"]
[SourceVersion "1"]
[SourceVersionDate "2013.11.20"]
[SourceQuality "1"]

1. e4 Nf6 2. e5 Nd5 3. d4 e6 4. Nf3 Be7 5. Bd3 d6 6. c3 Nc6 7. exd6 cxd6 8. 0-0 Nf6 9. Re1 0-0 10. Bg5 Re8 11. Qc2 g6 12. Nbd2 Kg7 13. Ne4 Nxe4 14. Bxe7 Nxe7 15. Bxe4 d5 16. Bd3 a6 17. Ne5 Nc6 18. Nxc6 bxc6 19. Re3 Bb7 20. Rh3 f5 21. Re1 Qf6 22. Qd2 h5 23. Ree3 Re7 24. Reg3 Kf7 25. Qf4 e5 26. dxe5 Qxe5 27. Qg5 Qe6 28. Re3 Qf6 29. Rxe7+ Qxe7 30. Qh6 Qf6 31. Re3 Rc8 32. Qh7+ Kf8 33. Qxb7 Re8 34. Qb4+ Kf7 35. Rxe8 Kxe8 36. Qd4 Qe6 37. Qe3 Qxe3 38. fxe3 a5 39. b4 axb4 40. cxb4 Kd7 41. Kf2 Kc7 42. h4 Kb6 43. a4 c5 44. bxc5+ Kxc5 45. a5 Kc6 1-0